| 000 | 00528nam a22001817a 4500 | ||
|---|---|---|---|
| 999 |
_c145121 _d145121 |
||
| 010 | _aB-680709 | ||
| 020 |
_a9789350493854 _c595.00 |
||
| 035 | _aB-680709 | ||
| 037 |
_aDPL _bBook Treasure |
||
| 082 | _aS | ||
| 100 | _aSaint-Exupery, Antoine de | ||
| 245 |
_aThe little prince / _cSaint-Exupery Antoine De |
||
| 260 |
_aUK _bParragon Book _c2016 |
||
| 270 |
_aChartist House, 15-17 Trim Street Bath _bBA1 1HA UK |
||
| 300 |
_a125p. _c27cm(Hb) |
||
| 942 |
_2ddc _cCH _mSAI _hS |
||